|
|
|
|
| LEADER |
00000nam a2200000Ia 4500 |
| 008 |
160106b1991 cr ||||| |||| 00| | spa d |
| 020 |
|
|
|a 9290391820
|
| 090 |
|
|
|a 08.16.01
|b 1074
|
| 100 |
1 |
|
|a Prieto Castillo, Daniel
|9 1238
|
| 245 |
1 |
0 |
|a Producción de materiales para neolectores /
|c Daniel Prieto Castillo
|
| 260 |
|
|
|a San José, Costa Rica :
|b Radio Nederland, Instituto Interamericano de Cooperación para la Agricultura,
|c 1991
|
| 300 |
|
|
|a 223 páginas
|
| 650 |
1 |
4 |
|a COMUNICACIÓN
|9 150
|
| 650 |
1 |
4 |
|a MATERIAL DIDÁCTICO
|9 785
|
| 650 |
1 |
4 |
|a APRENDIZAJE
|9 387
|
| 650 |
1 |
4 |
|a MEMORIZACIÓN
|9 1239
|
| 942 |
|
|
|i 001737
|h 08.16.01 1074
|2 z
|c 01
|
| 999 |
|
|
|c 309
|d 309
|